00582nam a2200205 4500003001100000005001700011008004100028020001400069040003900083041000800122082001300130100003200143245001200175260004800187300000900235650002000244942001000264952008700274999001500361LK-CoMWRAF20230826230652.0230826b1967 |||||||| |||| 00| 0 eng d a002949761 aLK-CoMWRAFdLK-CoMWRAFeLK-CoMWRAF aeng a823bPOL a Polland, Madeleine Angela  aDeirdre aKingswood, Surrey : bWorld's Work, c1967. a185p aEnglish Fiction n0cBK 00104070aMAINbMAINd2023-08-26l0o823 POLpRAF254r2023-08-26w2023-08-26yBK c3279d3279